| 000 | 01523nam a2200301Ia 4500 | ||
|---|---|---|---|
| 999 |
_c52972 _d52972 |
||
| 001 | 20003 | ||
| 003 | GE_BSU | ||
| 005 | 20250318170109.0 | ||
| 008 | 181216s1990||||ge |||||||||||||| ||geo|| | ||
| 040 | _cGE_BSU | ||
| 041 | _ageo | ||
| 080 | _a82-93:821.111(73)-311.3 ტ-54 | ||
| 100 |
_aტვენი, მარკ (1835-1910) _916107 |
||
| 245 |
_aტომ სოიერის თავგადასავალი ; ჰეკლბერი ფინის თავგადასავალი ; უფლისწული და მათხოვარი : _b[მოთხრობები] / _cმარკ ტვენი ; რედ. შ. დარახველიძე. |
||
| 264 |
_aთბილისი : _bნაკადული, _c1990. |
||
| 300 |
_a747გვ. : _bილ. ; _c20 სმ. |
||
| 541 | _h6 ლ. | ||
| 653 | _aმოთხრობები | ||
| 653 | _aტომ სოიერის თავგადასავალი | ||
| 653 | _aჰეკლბერი ფინის თავგადასავალი | ||
| 653 | _aუფლისწული და მათხოვარი | ||
| 700 |
_aჭელიძე, ვლ. _eმთარგმნ. _91641 |
||
| 700 |
_aყიფშიძე, გრ. _eმთარგმნ. _924610 |
||
| 700 |
_aრაზიკაშვილი, ნ. _eმთარგმნ. _919520 |
||
| 700 |
_aდიასამიძე, თ. _eმთარგმნ. _919453 |
||
| 710 |
_a _924611 |
||
| 942 |
_cBK _2udc |
||